Statistics for FIFA World Cup winners!

Click here to take the quiz!

General Stats

  • This quiz has been taken 83 times
  • The average score is 20 of 22

Answer Stats

HintChampion% Correct
1994Brazil
100%
1958Brazil
100%
1962Brazil
100%
1970Brazil
100%
2002Brazil
100%
2022Argentina
99%
1986Argentina
99%
1978Argentina
99%
1998France
99%
2018France
99%
2014Germany
99%
2010Spain
97%
1982Italy
94%
2006Italy
94%
1938Italy
94%
1934Italy
94%
1966England
88%
1950Uruguay
84%
1930Uruguay
84%
1990West Germany
58%
1974West Germany
58%
1954West Germany
58%

Score Distribution

Percentile by Number Answered

Percent of People with Each Score

Your Score History

You have not taken this quiz